000 00393pam a2200157a 44500
008 230515b1986 xxu||||| |||| 00| 0 eng d
020 _aNULL
041 _aENGLISH
082 _a630
100 _a11663-1986
245 _aCONVENTIONAL REPRESENTATIONS OF COMMON FEATURES AND MATERIALS ON TECHNICAL DRAWINGS
250 _a0
260 _aDELHI
_bISI
_c1986
300 _a12
650 _aNULL
999 _c652197
_d652197